000 00430nam a2200157 4500
001 110105
003 ES-MaACL
005 20230906184957.0
007 t|
008 061121s1969 sp r ||||1| spa d
100 1 _aMojica, Vicente.
_981827
245 1 0 _aCancionero desde la tierra a Dios /
_cVicente Mojica.
260 _aPalencia :
_bRocamador,
_c1969.
300 _a54 p. ;
_c21 cm.
852 _aES-MaACL
_j2071-F-5
_bR.70777
999 _c110105
_d110105